A question of judgment (Record no. 67044)

MARC details
000 -LEADER
fixed length control field 01089cam a2200217 4500
001 - CONTROL NUMBER
control field ABS63935
008 - FIXED-LENGTH DATA ELEMENTS--GENERAL INFORMATION
fixed length control field 000000n2001 000 0 eng u
035 ## - SYSTEM CONTROL NUMBER
System control number (Sirsi) u112633
100 ## - MAIN ENTRY--PERSONAL NAME
Personal name Akenhead, R
245 #2 - TITLE STATEMENT
Title A question of judgment
260 ## - PUBLICATION, DISTRIBUTION, ETC.
Date of publication, distribution, etc. 2001
490 ## - SERIES STATEMENT
Series statement Building
Volume/sequential designation 266(8182) 27 April 2001, 54(1)
520 ## - SUMMARY, ETC.
Summary, etc. Discusses the case of "Bedfordshire CC v Fitzpatrick", which began as a straightfoward construction dispute with each party claiming the other had repudiated a term maintenance contract. The situation escalated when the council, against whom the judgment went, accused Fitzpatrick of obtaining the contract by unlawful means and applied to set aside the judgment on these terms. This application was dismissed. Concludes that attempts to set aside a judgment are difficult to secure, particularly if one alleges fraud.
590 ## - LOCAL NOTE (RLIN)
Local note ABS
650 ## - SUBJECT ADDED ENTRY--TOPICAL TERM
Topical term or geographic name entry element BEDFORDSHIRE CC V FITZPATRICK CONTRACTORS LTD
650 ## - SUBJECT ADDED ENTRY--TOPICAL TERM
Topical term or geographic name entry element FRAUD
650 ## - SUBJECT ADDED ENTRY--TOPICAL TERM
Topical term or geographic name entry element CONSTRUCTION DISPUTES
650 ## - SUBJECT ADDED ENTRY--TOPICAL TERM
Topical term or geographic name entry element COLLUSION
690 ## - LOCAL SUBJECT ADDED ENTRY--TOPICAL TERM (OCLC, RLIN)
Topical term or geographic name as entry element BUILT ENVIRONMENT-BUILDING CONTRACT FORMS
942 ## - ADDED ENTRY ELEMENTS (KOHA)
Suppress in OPAC 0
Holdings
Withdrawn status Lost status Source of classification or shelving scheme Damaged status Not for loan Home library Current library Shelving location Date acquired Total Checkouts Full call number Barcode Date last seen Copy number Price effective from Koha item type
    Dewey Decimal Classification     London London Journal article 16/05/2001   ABS63935 112633-1001 06/08/2019 1 06/08/2019 Journal article